Empty property rates (Record no. 114955)

MARC details
000 -LEADER
fixed length control field 01428cad a22002175a 4500
001 - CONTROL NUMBER
control field L157762
008 - FIXED-LENGTH DATA ELEMENTS--GENERAL INFORMATION
fixed length control field 130501s2013 xxk ofs 000 0 eng d
035 ## - SYSTEM CONTROL NUMBER
System control number (Sirsi) u157762
041 0# - LANGUAGE CODE
Language code of text/sound track or separate title eng
100 2# - MAIN ENTRY--PERSONAL NAME
Personal name McCluskey, William
245 00 - TITLE STATEMENT
Title Empty property rates
Medium [electronic resource]
260 ## - PUBLICATION, DISTRIBUTION, ETC.
Place of publication, distribution, etc. London
Name of publisher, distributor, etc. RICS
Date of publication, distribution, etc. 2013
490 ## - SERIES STATEMENT
Series statement RICS Research
520 ## - SUMMARY, ETC.
Summary, etc. Outlines the results of a RICS survey of its members accessing the impact of empty property rates (EPR) on vacant commercial property in England and Wales. Concludes that EPR is affecting growth in the commercial property sector, reducing interest in investing in new commercial property development and speculative building. Outlines RICS 6 recommendations on EPR to the Government which include a national 12 month exemption from EPR for new build, increasing exemption from three to six months for retail and six to twelve months for office and industrial for vacant properties, the removal of any properties undergoing refurbishment, renovation or retrofitting from the business rates list until completion and increase threshold to between £12 000 and £18 000.
651 #4 - SUBJECT ADDED ENTRY--GEOGRAPHIC NAME
Geographic name England and Wales
Chronological subdivision 1543-
690 ## - LOCAL SUBJECT ADDED ENTRY--TOPICAL TERM (OCLC, RLIN)
Topical term or geographic name as entry element Finance and taxation
690 ## - LOCAL SUBJECT ADDED ENTRY--TOPICAL TERM (OCLC, RLIN)
Topical term or geographic name as entry element Commercial property
9 (RLIN) 6227
700 1# - ADDED ENTRY--PERSONAL NAME
Personal name Davis, Peader
856 40 - ELECTRONIC LOCATION AND ACCESS
Uniform Resource Identifier <a href="https://www.rics.org/Global/Empty_Property_Rates_Research_200313_jr.pdf">https://www.rics.org/Global/Empty_Property_Rates_Research_200313_jr.pdf</a>
Public note View the item free of charge at www.rics.org
942 ## - ADDED ENTRY ELEMENTS (KOHA)
Suppress in OPAC 0
Holdings
Withdrawn status Lost status Source of classification or shelving scheme Damaged status Not for loan Home library Current library Shelving location Date acquired Total Checkouts Full call number Barcode Date last seen Copy number Price effective from Koha item type
    Dewey Decimal Classification     Virtual Virtual Online 01/05/2013   ONLINE PUBLICATION 157762-2001 06/08/2019 1 06/08/2019 Book